000 00415cam a22001217a 4500
008 180718b1980 xxu||||| |||| 00| 0 eng d
082 _aT25x54 C361
100 _aChandy, K.T.
245 _aReport on factors which hinder or help productivity improvement in the Indian economy
_cby K.T. Chandy
260 _aTokyo
_bAsian Productivity Organisation
_c1980
300 _a149p.
650 _aIndustrial productivity --India
999 _c341843
_d341843